|
|
|
|
| LEADER |
00000nam0a2200000 4500 |
| 001 |
275837 |
| 005 |
20231031230847.0 |
| 020 |
|
|
|a RU
|b 85-105688
|
| 035 |
|
|
|a (RuTPU)RU\TPU\book\299090
|
| 090 |
|
|
|a 275837
|
| 100 |
|
|
|a 20141117d1985 k y0rusy5003 ca
|
| 101 |
0 |
|
|a rus
|
| 102 |
|
|
|a RU
|
| 105 |
|
|
|a y z 000zy
|
| 200 |
1 |
|
|a Экономический механизм управления интенсификацией производства
|e сборник статей
|f Академия наук СССР (АН СССР), Институт экономики (ИЭ) ; под ред. В. М. Иванченко
|
| 210 |
|
|
|a Москва
|c Изд-во АН СССР ИЭ
|d 1985
|
| 215 |
|
|
|a 221 с.
|
| 606 |
1 |
|
|a Интенсификация производства
|2 stltpush
|3 (RuTPU)RU\TPU\subj\36196
|
| 610 |
1 |
|
|a СССР
|
| 610 |
1 |
|
|a народное хозяйство
|
| 610 |
1 |
|
|a управление
|
| 610 |
1 |
|
|a экономический механизм
|
| 610 |
1 |
|
|a планирование
|
| 610 |
1 |
|
|a стимулирование
|
| 610 |
1 |
|
|a заработная плата
|
| 610 |
1 |
|
|a инфраструктура
|
| 686 |
|
|
|a У9(2)0-70
|v LBC/SL-A
|2 rubbk
|
| 702 |
|
1 |
|a Иванченко
|b В. М.
|g Василий Матвеевич
|4 340
|
| 712 |
0 |
2 |
|a Академия наук СССР (АН СССР)
|b Институт экономики (ИЭ)
|c (Москва)
|2 stltpush
|3 (RuTPU)RU\TPU\col\11342
|
| 801 |
|
0 |
|a RU
|b RuMRKP
|c 19950704
|g psbo
|
| 801 |
|
1 |
|a RU
|b 63413507
|c 20141117
|
| 801 |
|
2 |
|a RU
|b 63413507
|c 20191206
|g RCR
|
| 942 |
|
|
|c BK
|